Geography Quiz

Random Geography or City Quiz

'R' US Cities Quiz Stats

 Plays Quiz not verified by Sporcle

Score 0/10 Timer 04:00
0 Plays Today
Rank US City % Correct
45Raleigh, North Carolina
91.7%
99Rochester, New York
81.5%
105Richmond, Virginia
80.2%
256Richmond, California
80.2%
93Reno, Nevada
68.4%
61Riverside, California
63.3%
146Rockford, Illinois
49.2%
138Rancho Cucamonga, California
31.2%
247Round Rock, Texas
20%
224Roseville, California
18.5%

You're not logged in!

Compare scores with friends on all Sporcle quizzes.
OR
Log In

Show Comments

Extras

Top Quizzes Today


Score Distribution

Your Account Isn't Verified!

In order to create a playlist on Sporcle, you need to verify the email address you used during registration. Go to your Sporcle Settings to finish the process.

Report this User

Report this user for behavior that violates our Community Guidelines.

Details: